|
|
|
|
| LEADER |
00000ny a22000003n 4500 |
| 005 |
2011052400330.0 |
| 008 |
050412s2004 sp 000 0 spa d |
| 020 |
|
|
|a 8497724046
|
| 035 |
|
|
|a 596
|
| 040 |
|
|
|a UMA.RE
|d vLex
|
| 080 |
|
|
|a 30
|
| 090 |
|
|
|c 214
|d 214
|
| 100 |
|
|
|a Iglesias Alonso, ℓngel
|
| 245 |
1 |
3 |
|a El planteamiento estratǧico de las organizaciones pb︢licas
|h [Recurso electrn̤ico]
|b una visin̤ desde la teora̕ del caos /
|c ℓngel Iglesias Alonso, Javier R. Arriola
|
| 256 |
|
|
|a Servicio en ln̕ea
|
| 260 |
|
|
|a Madrid :
|b Dykinson,
|c 2004
|
| 490 |
1 |
|
|a Ciencias jurd̕icas y sociales ;
|v 11
|
| 506 |
1 |
|
|a Contenido solo disponible en los productos indicados
|d vLex Global
|d vLex Global (Academic Edition, excluding Law Schools)
|d vLex Global (U.S. Academic Edition, Law Schools)
|d vLex Global (U.S. Academic Edition, excluding Law Schools)
|d vLex Global (Academic Edition, Law Schools)
|
| 650 |
0 |
7 |
|a Administrativo
|2 Tesauro vLex
|
| 650 |
0 |
7 |
|a Actividad administrativa
|2 Tesauro vLex
|
| 650 |
0 |
7 |
|a Acto administrativo
|2 Tesauro vLex
|
| 700 |
1 |
|
|a Arriola, Javier R
|
| 740 |
0 |
|
|a vLex Libros (Servicios en ln̕ea)
|
| 810 |
2 |
|
|a Universidad Rey Juan Carlos.
|t Ciencias jurd̕icas y sociales ;
|v 11
|
| 856 |
4 |
0 |
|u http://vlex.com/source/596
|z Acceso restringido
|
| 942 |
|
|
|c BOOK
|
| 999 |
0 |
|
|a Administrative law
|b Madrid
|